| 000 | 00367nam a22001337a 4500 | ||
|---|---|---|---|
| 020 | _a9780471468547 | ||
| 040 | _cNust | ||
| 082 |
_a6358.4 _bALL |
||
| 100 |
_aAllard, Kenneth _9123971 |
||
| 245 |
_aBusiness As War _bbattling for Competitive Advantage |
||
| 260 |
_aNew Jersey: _bJohn Wiley & Sons Inc, _c2004. |
||
| 650 |
_aBusiness As War _9123972 |
||
| 942 |
_2ddc _cBK |
||
| 999 |
_c609961 _d609961 |
||